Automatické rozpoznávanie reči s využitím neurónových sieti

Enregistré dans:
Détails bibliographiques
Auteur principal: Villantová, Enikő (Auteur)
Autres auteurs: Kačur, Juraj (Directeur de thèse)
Format: Manuscrit Livre
Langue:slovaque
Publié: Bratislava: STU v Bratislave FEI, 2023
Sujets:
Accès en ligne:https://opac.crzp.sk/?fn=detailBiblioFormChildUAJIS&sid=72C4190EA10FC8F71DD207D508EF&seo=CRZP-detail-kniha
Tags: Ajouter un tag
Pas de tags, Soyez le premier à ajouter un tag!

MARC

LEADER 00000ntm a22000003a 4500
001 stuzp93319
003 SK-STU
005 20241126101958.2
007 ta
008 150427s2015----xo-----f-mn---000-0-slo-d
040 |a STU  |b slo 
041 0 |a slo 
044 |a xo 
100 1 |a Villantová, Enikő  |u 035000  |4 aut  |U FEI Fakulta elektrotechniky a informatiky  |T FEI Ústav informatiky a matematiky  |X 91767  |U E050  |Y 816  |7 91767 
242 0 1 |a Speech recognition using neural networks  |y eng 
245 1 0 |a Automatické rozpoznávanie reči s využitím neurónových sieti 
260 |a Bratislava:  |b STU v Bratislave FEI,  |c 2023 
300 |a 83 s. 
650 4 |a python  |2 slo 
650 4 |a siamská neurónová sieť  |2 slo 
650 4 |a izolované slová  |2 slo 
650 4 |a zvukový signál  |2 slo 
650 4 |a mel spektrogram  |2 slo 
650 4 |a rozpoznávanie reči  |2 slo 
650 4 |a speech recognition  |2 eng 
650 4 |a siamese neural network  |2 eng 
650 4 |a audio signal  |2 eng 
650 4 |a mel spectrogram  |2 eng 
650 4 |a python  |2 eng 
650 4 |a isolated words  |2 eng 
700 1 |a Kačur, Juraj  |u 037000  |k Z1  |4 ths  |U FEI Fakulta elektrotechniky a informatiky  |T FEI Ústav multimediálnych informačných a komunikačných technológií  |X 1861  |U E070  |Y 818  |7 A000001861 
856 4 |u https://opac.crzp.sk/?fn=detailBiblioFormChildUAJIS&sid=72C4190EA10FC8F71DD207D508EF&seo=CRZP-detail-kniha